Central Library OPAC University of Rajshahi

Personnel and industrial relations : (Record no. 60902)

MARC details
000 -LEADER
fixed length control field 00792nam a2200241 a 4500
001 - CONTROL NUMBER
control field 60902
003 - CONTROL NUMBER IDENTIFIER
rucl marc code BD-RjUL
005 - DATE AND TIME OF LATEST TRANSACTION
control field 20211209080908.0
008 - FIXED-LENGTH DATA ELEMENTS--GENERAL INFORMATION
fixed length control field 170104s1985 nyua b 001 0 eng d
035 ## - SYSTEM CONTROL NUMBER
System control number (BD-RjUL)61026
040 ## - CATALOGING SOURCE
Original cataloging agency DLC
Transcribing agency DLC
Modifying agency DLC
Language of cataloging BD-RjUL
082 00 - DEWEY DECIMAL CLASSIFICATION NUMBER
Classification number 658.3
Edition number 23
Author mark and year MIP 1985
100 1# - MAIN ENTRY--PERSONAL NAME
Personal name Miner, John B.
9 (RLIN) 181575
245 10 - TITLE STATEMENT
Title Personnel and industrial relations :
Remainder of title a managerial approach /
Statement of responsibility, etc. John B. Miner, Mary Green Miner.
250 ## - EDITION STATEMENT
Edition statement 4th ed,
260 ## - PUBLICATION, DISTRIBUTION, ETC. (IMPRINT)
Place of publication, distribution, etc. New York ;
-- London :
Name of publisher, distributor, etc. Macmillan ;
-- Collier Macmillan,
Date of publication, distribution, etc. c1985.
300 ## - PHYSICAL DESCRIPTION
Pagination xvi, 683 p. :
Illustrations ill. ;
Size 25 cm.
504 ## - BIBLIOGRAPHY, ETC. NOTE
Bibliography, etc Includes bibliographies and indexes.
650 #0 - SUBJECT ADDED ENTRY--TOPICAL TERM
Topical term or geographic name as entry element Personnel management.
9 (RLIN) 170518
Topical term or geographic name as entry element Industrial relations.
9 (RLIN) 172462
700 1# - ADDED ENTRY--PERSONAL NAME
Personal name Miner, Mary Green.
942 ## - ADDED ENTRY ELEMENTS (KOHA)
Source of classification or shelving scheme Dewey Decimal Classification
Koha item type Books
Holdings
Lost status Source of classification or shelving scheme Damaged status Not for loan Collection code Permanent Location Current Location Shelving location Date acquired Total Checkouts Full call number Date last seen Copy number Koha item type
  Dewey Decimal Classification   Not For Loan Non-fiction Central Library, University of Rajshahi Central Library, University of Rajshahi Reading Room 17/11/1988   658.3 MIP 1985 04/01/2017 C-1 Books